[Event "FRA-ch Universities 2019"]
[Site "Paris"]
[Date "2019.02.02"]
[Round "5"]
[White "Alashtar, Aasef"]
[Black "Sochacki, Wojtek"]
[Result "0-1"]
[WhiteElo "1857"]
[BlackElo "2348"]
[Annotator "TA"]
[PlyCount "92"]
[EventDate "2019.02.01"]
[EventType "swiss"]
[EventCountry "FRA"]
[SourceTitle "playchess.com"]
[Source "ChessBase"]
[SourceQuality "1"]

{[%evp 11,92,-6,10,0,54,18,25,34,110,146,149,129,179,132,114,69,78,75,91,47,50,72,46,-22,-28,-20,-26,-28,-29,-28,-23,-31,-27,-20,-22,-43,-14,-40,-14,-116,-54,-86,0,-54,0,-30,0,-71,0,-83,0,-136,-129,-87,-143,-420,-402,-647,-140,-422,-424,-373,-378,-941,-946,-945,-912,-839,-845,-804,-693,-772,-752,-697,-691,-843,-810,-29989,-2869,-2143,-2062,-29968,-6310]} 1. e4 c5 2. Nc3 Nc6 3. g3 g6 4. Bg2 Bg7 5. d3 Rb8 6. f4 b5 7. Nf3 {B24: Closed Sicilian: 3 g3 sidelines} e6 (7... d6 $11) 8. e5 {Ne4 is the strong threat.} d5 9. exd6 {White has an edge.} Bxc3+ $146 (9... f5 $14) ({Predecessor:} 9... f5 10. O-O Qxd6 11. Re1 a6 12. a4 Nge7 13. axb5 axb5 14. Qe2 O-O {1-0 (24) Sowden,E (2361)-Lang,T (2463) corr 2000}) 10. bxc3 $16 Qxd6 11. O-O Nge7 12. Qe2 O-O 13. Ng5 f5 14. Re1 {[%cal Rg5e6]} Nd5 15. Bd2 ({Don't play} 15. Nxe6 Re8 $11) 15... b4 16. c4 {[%cal Rg5e6]} ({But not} 16. Nxe6 bxc3 17. Nxf8 (17. Bc1 $2 Re8 $19) 17... cxd2 $15) 16... Nd4 17. Qd1 ({White should try} 17. Qe5 $14 Qxe5 18. Rxe5) 17... Nc3 $11 18. Bxc3 $1 bxc3 19. Nf3 Rb2 $36 {[%mdl 2048] Black is pushing.} 20. Nxd4 Qxd4+ 21. Kh1 Bd7 22. Re2 Rfb8 23. Qe1 R8b6 24. h4 Kf7 25. h5 (25. a3 $11) 25... Ba4 (25... gxh5 $17 26. Bf3 h4 $1 {[%mdl 512]}) 26. Rc1 $15 Bd7 ({Better is} 26... gxh5 $17 27. Qf1 Rxa2) 27. a3 (27. Ra1 $1 $11) 27... Ra2 (27... gxh5 $15 28. Qf1 Kg7) 28. Ra1 Rab2 29. h6 {[#]} (29. Rc1 $11 {remains equal.}) 29... a5 (29... Rb8 $1 $17) 30. Kh2 (30. Bf3 $1 $11 {keeps the balance.}) 30... Qf6 (30... Rb8 $17) 31. Rc1 (31. Qf2 $11 g5 32. Qxc5 gxf4 33. Qc7 fxg3+ 34. Kxg3 Qg5+ 35. Kf2 Qh4+ 36. Ke3 Qxh6+ 37. Kf2 Qh4+ 38. Ke3 Qg5+ 39. Kf2 Qh4+ 40. Ke3 Qh6+ 41. Kd4 Qg7+ 42. Ke3 Qh6+) 31... g5 $17 32. fxg5 Qxg5 33. Re3 $2 {[%mdl 8192]} (33. Bf3 $17) 33... Qxh6+ $19 34. Kg1 (34. Bh3 $142) 34... Qg5 $2 (34... Ba4 $19 {is more deadly.} 35. Re2 {[#]} Qxc1 $1 {[%mdl 512]} 36. Qxc1 Rb1) 35. Rf3 $2 {[%mdl 8192] [#]} (35. Kf2 $17) 35... Qxc1 $1 {[%mdl 512]} 36. Qxc1 Rb1 37. Qxb1 $2 (37. Rf1 Rxc1 38. Rxc1) 37... Rxb1+ {[%mdl 4096] Endgame KRB-KRB} 38. Kf2 Rb2 39. Ke3 Rxc2 40. Bf1 Ra2 41. d4 c2 42. Kd2 cxd4 43. c5 Ba4 {( -> ...Ra1)} 44. Bc4 c1=Q+ (44... Ra1 $142 45. Rxf5+ Kg6 46. Rf1 Rd1+ 47. Ke2 c1=Q {[%mdl 64] Double Attack} 48. Bd3+ Kg5 49. Rxd1 Qxd1+ 50. Kf2 Qxd3 51. g4 Kxg4 52. c6 Bb5 53. Kg2 Qg3+ 54. Kh1 Bxc6#) 45. Kxc1 Rc2+ {[%mdl 64] Double Attack} 46. Kb1 Rxc4 {Accuracy: White = 28%, Black = 48%.} 0-1

[Event "FRA-ch Universities 2019"]
[Site "Paris"]
[Date "2019.02.02"]
[Round "6"]
[White "Sochacki, Christophe"]
[Black "Viers, Emmanuel"]
[Result "1/2-1/2"]
[WhiteElo "2482"]
[BlackElo "2199"]
[Annotator "TA"]
[PlyCount "55"]
[EventDate "2019.02.01"]
[EventType "swiss"]
[EventCountry "FRA"]
[SourceTitle "playchess.com"]
[Source "ChessBase"]
[SourceQuality "1"]

{[%evp 11,55,0,47,29,46,46,46,37,38,31,41,0,9,-17,0,-58,-56,-63,29,37,120,138,162,102,288,0,0,0,0,0,0,0,0,0,0,0,0,0,0,0,0,0,0,0,0,0]} 1. e4 c5 2. Nf3 $146 (2. c3 d5 3. exd5 Qxd5 4. d4 Nf6 5. Nf3 {½-½ (72) Stevic,H (2613)-Kohlweyer,B (2422) Sarajevo 2014}) ({Predecessor:} 2. c3 d5 3. exd5 Qxd5 4. d4 Nf6 5. Nf3 {½-½ (42) Luodonpaa,M (2044)-Hjelm,N (2306) Jyvaskyla 1999}) 2... Nc6 3. c3 d5 4. exd5 Qxd5 5. d4 Nf6 6. dxc5 Qxc5 7. Be3 {B22: Sicilian: 2 c3} (7. Na3 e5 8. Be3 Qa5 9. Nc4 Qc7 10. Qa4 Bd7 11. Nb6 Rd8 12. Nxd7 Nxd7 13. Bc4 Be7 14. Ng5 Bxg5 15. Bxg5 Rc8 {½-½ (72) Stevic,H (2613)-Kohlweyer,B (2422) Sarajevo 2014}) 7... Qd5 8. Nbd2 e6 9. Bc4 {White is slightly better.} Qd6 10. Qe2 Be7 11. O-O-O ({Predecessor:} 11. O-O O-O 12. Bg5 Qc7 13. Bh4 Nh5 14. Bxe7 Qxe7 {½-½ (42) Luodonpaa,M (2044)-Hjelm,N (2306) Jyvaskyla 1999}) 11... Qc7 12. g4 Nxg4 13. Rhg1 (13. Bg5 $1 $11) 13... Nxe3 $15 14. Qxe3 Bd7 (14... g6 $15) 15. Rxg7 $11 Bf8 (15... h6 $14) 16. Rxf7 $1 $16 Kxf7 {[#]} 17. Ne4 $1 h6 $2 {[#]} (17... Be7 $16 {keeps fighting.}) 18. Rxd7+ $1 {[%mdl 512]} Qxd7 $11 {The position is equal.} 19. Qf4+ Ke7 $1 {...Bg7 is the strong threat.} 20. Qh4+ Kf7 {Strongly threatening ...Be7.} 21. Qf4+ Ke7 $1 {aiming for ...Bg7.} 22. Nc5 Qd6 23. Qh4+ Ke8 24. Qh5+ Ke7 25. Qh4+ Ke8 26. Qh5+ Ke7 27. Qh4+ Ke8 28. Qh5+ {Accuracy: White = 55%, Black = 41%.} 1/2-1/2

[Event "FRA-ch Universities 2019"]
[Site "Paris"]
[Date "2019.02.02"]
[Round "6"]
[White "Sochacki, Wojtek"]
[Black "Guillemart, Serge"]
[Result "1-0"]
[WhiteElo "2348"]
[BlackElo "2023"]
[Annotator "NA RC"]
[PlyCount "45"]
[EventDate "2019.02.01"]
[EventType "swiss"]
[EventCountry "FRA"]
[SourceTitle "playchess.com"]
[Source "ChessBase"]
[SourceQuality "1"]
[TimeControl "900+5"]

1. e4 {[%emt 0:00:20]} c5 {[%emt 0:00:06]} 2. Nf3 {[%emt 0:00:02]} Nc6 {[%emt 0:00:02]} 3. b4 {[%emt 0:00:18]} cxb4 {[%emt 0:00:10]} 4. d4 {[%emt 0:00:02]} d5 {[%emt 0:00:04]} 5. exd5 {[%emt 0:00:01]} Qxd5 {[%emt 0:00:02]} 6. c4 {[%emt 0:00:02]} Qh5 {[%emt 0:00:28]} 7. Be2 {[%emt 0:01:47]} Bg4 {[%emt 0:00:45]} 8. Nbd2 {[%emt 0:00:55]} e5 {[%emt 0:00:53]} 9. d5 {[%emt 0:00:08]} Nd8 {[%emt 0:00:41]} 10. O-O {[%emt 0:00:37]} Nf6 {[%emt 0:00:09]} 11. h3 {[%emt 0:00:26]} Bxf3 {[%emt 0:00:06]} 12. Bxf3 {[%emt 0:00:22]} Qf5 {[%emt 0:00:01]} 13. Re1 {[%emt 0:01:06]} Be7 {[%emt 0:00:07]} 14. Bb2 {[%emt 0:00:17]} O-O {[%emt 0:00:36]} 15. Bxe5 {[%emt 0:00:47]} Qd7 {[%emt 0:00:43]} 16. d6 {[%emt 0:00:13]} Bxd6 {[%emt 0:00:25]} 17. Bxf6 {[%emt 0:00:01]} Qc7 {[%emt 0:00:33]} 18. Bb2 {[%emt 0:00:18]} Ne6 {[%emt 0:00:04]} 19. Bd5 {[%emt 0:00:07]} Nc5 {[%emt 0:00:18]} 20. Ne4 {[%emt 0:00:07]} Nxe4 {[%emt 0:00:19]} 21. Rxe4 {[%emt 0:00:01]} Rfe8 {[%emt 0:00:09]} 22. Qd4 {[%emt 0:00:04]} Bf8 {[%emt 0:00:06]} 23. Rg4 {[%emt 0:00:12]} 1-0

[Event "FRA-ch Universities 2019"]
[Site "Paris"]
[Date "2019.02.02"]
[Round "6"]
[White "Devallee, Jeremie"]
[Black "Cahen, Alexis"]
[Result "1-0"]
[WhiteElo "2317"]
[BlackElo "2109"]
[Annotator "NA RC"]
[PlyCount "47"]
[EventDate "2019.02.01"]
[EventType "swiss"]
[EventCountry "FRA"]
[SourceTitle "playchess.com"]
[Source "ChessBase"]
[SourceQuality "1"]
[TimeControl "900+5"]

1. e4 {[%emt 0:00:00]} c5 {[%emt 0:00:00]} 2. d4 {[%emt 0:00:00]} cxd4 {[%emt 0:00:00]} 3. c3 {[%emt 0:00:00]} d3 {[%emt 0:00:01]} 4. Bxd3 {[%emt 0:00:02]} Nc6 {[%emt 0:00:05]} 5. c4 {[%emt 0:00:02]} Nf6 {[%emt 0:00:39]} 6. Nf3 {[%emt 0:00:03]} d6 {[%emt 0:00:03]} 7. h3 {[%emt 0:00:02]} g6 {[%emt 0:00:09]} 8. Nc3 {[%emt 0:00:02]} Bg7 {[%emt 0:00:01]} 9. Be3 {[%emt 0:00:01]} O-O {[%emt 0:00:08]} 10. Rc1 {[%emt 0:00:01]} Be6 {[%emt 0:00:18]} 11. O-O {[%emt 0:00:04]} Qa5 {[%emt 0:00:35]} 12. b3 {[%emt 0:01:08]} Nd7 {[%emt 0:01:31]} 13. Qd2 {[%emt 0:00:16]} Qh5 {[%emt 0:00:21]} 14. Nd5 {[%emt 0:00:28]} Bxd5 {[%emt 0:01:05]} 15. exd5 {[%emt 0:00:03]} Nce5 {[%emt 0:00:08]} 16. Be2 {[%emt 0:00:02]} Qf5 {[%emt 0:03:17]} 17. Nd4 {[%emt 0:01:15]} Qe4 {[%emt 0:00:34]} 18. f3 {[%emt 0:00:54]} Qh4 {[%emt 0:00:16]} 19. f4 {[%emt 0:00:02]} Nc5 {[%emt 0:00:49]} 20. fxe5 {[%emt 0:00:08]} Bxe5 {[%emt 0:00:04]} 21. Nf3 {[%emt 0:00:03]} Qg3 {[%emt 0:00:29]} 22. Nxe5 {[%emt 0:00:04]} Qxe5 {[%emt 0:00:03]} 23. Bd4 {[%emt 0:00:11]} Ne4 {[%emt 0:00:07]} 24. Qe3 {[%emt 0:00:16]} 1-0

[Event "FRA-ch Universities 2019"]
[Site "Paris"]
[Date "2019.02.02"]
[Round "6"]
[White "Lever, Erwan"]
[Black "Mugil, Jayavel"]
[Result "0-1"]
[WhiteElo "2275"]
[BlackElo "2001"]
[Annotator "TA"]
[PlyCount "164"]
[EventDate "2019.02.01"]
[EventType "swiss"]
[EventCountry "FRA"]
[SourceTitle "playchess.com"]
[Source "ChessBase"]
[SourceQuality "1"]

{[%evp 19,163,-31,-32,-77,32,9,50,16,38,20,48,49,93,89,93,65,65,68,75,82,122,117,121,110,199,201,234,235,239,246,310,254,248,243,240,242,282,276,292,239,278,264,457,361,1468,1459,1436,1434,1435,1183,29987,29988,29988,29989,29989,29988,29990,29978,29976,29977,29976,29975,5165,1276,1189,0,0,0,0,0,0,0,0,0,0,0,0,0,0,0,0,0,0,0,0,-1105,-1100,-991,-973,-1095,-1013,-1049,-947,-1115,-1039,-2297,-2293,-2121,-1731,-29961,-12252,-29970,0,-6195,0,-29971,-29969,-29974,-29971,-29972,-29966,-29951,-29955,-11562,-1143,-12848,-29942,-29945,-9342,-9208,-598,-8860,-8408,-5654,-5363,-5111,-598,-598,-342,-342,-342,-29976,-29976,-29989,-29990,-29991,-29990,-29993,-29994,-29998,-29969,-12850,0,-29998,-29999,-29999]} 1. d4 d5 $146 ({Predecessor:} 1... Nf6 2. Nf3 d5 3. c4 {0-1 (37) Ascic,M (1713)-Kejzar,P (2044) Osijek 2017}) 2. c4 c6 3. Nf3 Nf6 4. g3 g6 5. Bg2 Bg7 6. cxd5 ({Predecessor:} 6. O-O O-O 7. cxd5 {0-1 (37) Ascic,M (1713)-Kejzar,P (2044) Osijek 2017}) 6... cxd5 7. O-O O-O 8. Bf4 Nc6 9. Ne5 Qb6 10. Nxc6 bxc6 11. b3 {D79: Fianchetto Grünfeld: Symmetrical Variation (6 0-0 c6 7 cxd5 cxd5)} ({Predecessor:} 11. Bc1 Nd7 12. e3 e5 13. dxe5 Nxe5 14. Qb3 Ba6 15. Rd1 Be2 16. Qxb6 axb6 17. Rd2 Nf3+ 18. Bxf3 Bxf3 {0-1 (37) Ascic,M (1713)-Kejzar,P (2044) Osijek 2017}) 11... e6 ({Black should play} 11... Ng4 $17 12. e3 e5 13. dxe5 Nxe5) 12. Nc3 Ba6 13. Re1 {White is slightly better.} Nh5 14. Be3 f5 15. Na4 Qa5 16. Rc1 f4 17. Bxf4 Nxf4 18. gxf4 Rxf4 19. e3 $36 {[%mdl 2048] White is in control.} Rff8 20. Rxc6 Bb5 21. Rxe6 Bxa4 (21... Kh8 $16) 22. bxa4 $18 Rac8 23. Rd6 {[%cal Be6d6,Bd6d5,Bd5b5,Bb5b2,Bb2b7][%mdl 32]} Rc3 24. Rxd5 Qb4 25. Rb5 Qd6 26. Qd2 Rfc8 27. Reb1 Rc2 28. Qd1 Bh6 29. R5b2 R2c3 30. Rb7 Rc2 $2 (30... R8c7 31. Qg4 Bf8) 31. Be4 Rxf2 $2 (31... R2c7 32. Qg4 Qd8) 32. Qb3+ {[%mdl 64] [#] Zwischenzug} Kh8 33. Kxf2 Qxh2+ 34. Bg2 Bxe3+ 35. Qxe3 Rf8+ 36. Ke1 Qh4+ 37. Kd1 Qg4+ 38. Bf3 Rxf3 39. Rb8+ Kg7 40. R1b7+ {[%mdl 64] [#] Double Attack} Rf7+ 41. Kd2 {Threatening mate with Rxf7+.} Qg2+ 42. Kc3 $2 (42. Qe2 $18 Rxb7 43. Qxg2 Rxb8 44. Qe4 Rb2+ 45. Ke3) 42... Qc6+ $11 43. Kd3 Rxb7 {[%mdl 4096] Endgame KQR-KQR} 44. Qe5+ Kh6 45. Qf4+ Kh5 46. Qh2+ Kg5 {White must now prevent ...Qf3+.} 47. Qg3+ Kh5 48. Qe5+ Kg4 {...Qf3+ is the strong threat.} 49. Qe2+ Kg5 50. Qe3+ Kh5 51. Qe5+ g5 {aiming for ...Qf3+.} (51... Kg4 {looks sharper.}) 52. Qe8+ $2 {[%mdl 8192]} (52. Rxb7 $11 Qxb7 53. Qe8+ Kg4 54. Qe6+ Kg3 55. Qe5+ Kg4 56. Qe6+ Kg3 57. Qe5+ Kh4 58. Qh2+ Kg4 59. Qe2+ Kf5 60. Qe5+ Kg4 61. Qe6+) 52... Qxe8 $19 53. Rxe8 {KR-KR} g4 54. Rg8 Kh4 55. d5 h5 56. Kd4 Kg3 57. Kc5 h4 58. Kc6 Rb2 59. d6 Rc2+ 60. Kb7 Rb2+ $2 (60... Rd2 {mates} 61. Rh8 h3 62. Rh6 h2 63. Kxa7 Kg2 64. Kb8 h1=Q 65. Rxh1 Kxh1 66. Kc7 g3 67. d7 g2 68. d8=Q Rxd8 69. Kxd8 g1=Q 70. Kd7 Qb6 71. a3 Qa6 72. a5 Qxa5 73. Kc8 Qxa3 74. Kc7 Qc5+ 75. Kd7 Kg2 76. Kd8 Qa7 77. Kc8 Kf3 78. Kd8 Kf4 79. Kc8 Ke5 80. Kd8 Kd6 81. Ke8 Qe7#) 61. Kc7 $2 {[%mdl 8192]} (61. Kc6 $11) 61... Rc2+ (61... h3 $19 62. d7 Rc2+ 63. Kb8 Rd2) 62. Kb7 {intending d7.} h3 63. d7 Rd2 64. d8=Q Rxd8 65. Rxd8 {KR-K3P} h2 66. Rd3+ Kf4 (66... Kg2 $142 67. Rb3 h1=Q 68. Kxa7 g3) 67. Rd4+ Ke3 68. Rxg4 h1=Q+ 69. Kxa7 {KQ-KR} Kd3 (69... Qd5 $142 {( -> ...Qd7+)} 70. Rg3+ Kf4) 70. Rg3+ Kc4 71. Rb3 Qg1+ 72. Ka6 Qf1 (72... Qg6+ $142 73. Ka7 Qg7+ 74. Rb7 Qd4+ 75. Ka6 Qd6+ 76. Rb6 Qd5) 73. a5 Kc5+ 74. Ka7 Qf2 75. a6 $2 (75. Rb6 $19) 75... Kc6+ 76. Ka8 Qxa2 77. a7 Qa5 78. Rb8 Qd5 79. Rb7 Qe4 80. Rb4 Qd5 81. Rb7 Kc5 82. Kb8 Qd8# {Accuracy: White = 41%, Black = 41%.} 0-1

[Event "FRA-ch Universities 2019"]
[Site "Paris"]
[Date "2019.02.02"]
[Round "6"]
[White "Dobrocmyslov, Artem"]
[Black "Eden, James"]
[Result "0-1"]
[WhiteElo "2262"]
[BlackElo "2338"]
[Annotator "NA RC"]
[PlyCount "162"]
[EventDate "2019.02.01"]
[EventType "swiss"]
[EventCountry "FRA"]
[SourceTitle "playchess.com"]
[Source "ChessBase"]
[SourceQuality "1"]
[TimeControl "900+5"]

1. d4 {[%emt 0:00:00]} d5 {[%emt 0:00:00]} 2. Nf3 {[%emt 0:00:00]} Nf6 {[%emt 0:00:01]} 3. c4 {[%emt 0:00:02]} c6 {[%emt 0:00:02]} 4. Nc3 {[%emt 0:00:03]} dxc4 {[%emt 0:00:03]} 5. a4 {[%emt 0:00:03]} Bg4 {[%emt 0:00:11]} 6. Ne5 {[%emt 0:00:49]} Bh5 {[%emt 0:00:03]} 7. f3 {[%emt 0:01:08]} e6 {[%emt 0:00:02]} 8. g4 {[%emt 0:02:38]} Nfd7 {[%emt 0:00:02]} 9. Bf4 {[%emt 0:00:41]} Nxe5 {[%emt 0:01:23]} 10. dxe5 {[%emt 0:02:42]} Bg6 {[%emt 0:00:11]} 11. Qxd8+ {[%emt 0:00:49]} Kxd8 {[%emt 0:00:02]} 12. e3 {[%emt 0:00:43]} Na6 {[%emt 0:00:38]} 13. Bxc4 {[%emt 0:00:36]} Nb4 {[%emt 0:00:02]} 14. Ke2 {[%emt 0:01:00]} Be7 {[%emt 0:01:15]} 15. Rac1 {[%emt 0:01:10]} Kc7 {[%emt 0:00:33]} 16. e4 {[%emt 0:00:48]} Rad8 {[%emt 0:00:31]} 17. h4 {[%emt 0:00:50]} h5 {[%emt 0:00:13]} 18. g5 {[%emt 0:00:02]} Kb8 {[%emt 0:00:10]} 19. Be3 {[%emt 0:00:33]} Rd7 {[%emt 0:00:18]} 20. Na2 {[%emt 0:00:24]} Rhd8 {[%emt 0:01:17]} 21. Nxb4 {[%emt 0:00:23]} Bxb4 {[%emt 0:00:02]} 22. Rhd1 {[%emt 0:00:03]} a5 {[%emt 0:00:07]} 23. Bb6 {[%emt 0:00:09]} Rxd1 {[%emt 0:00:03]} 24. Rxd1 {[%emt 0:00:01]} Rxd1 {[%emt 0:00:02]} 25. Kxd1 {[%emt 0:00:02]} Kc8 {[%emt 0:00:05]} 26. Bd3 {[%emt 0:00:24]} Kd7 {[%emt 0:03:01]} 27. f4 {[%emt 0:00:02]} Ke7 {[%emt 0:00:30]} 28. f5 {[%emt 0:00:02]} Bh7 {[%emt 0:00:03]} 29. Ke2 {[%emt 0:00:18]} Bg8 {[%emt 0:01:47]} 30. Bd4 {[%emt 0:00:02]} c5 {[%emt 0:00:42]} 31. Bc3 {[%emt 0:00:11]} Bxc3 {[%emt 0:00:01]} 32. f6+ {[%emt 0:00:25]} gxf6 {[%emt 0:00:10]} 33. exf6+ {[%emt 0:00:07]} Bxf6 {[%emt 0:00:02]} 34. gxf6+ {[%emt 0:00:06]} Kxf6 {[%emt 0:00:02]} 35. Ke3 {[%emt 0:00:16]} Ke5 {[%emt 0:00:09]} 36. Be2 {[%emt 0:00:07]} Bh7 {[%emt 0:01:00]} 37. Bxh5 {[%emt 0:00:02]} Bxe4 {[%emt 0:00:09]} 38. Bxf7 {[%emt 0:00:03]} Bc6 {[%emt 0:00:02]} 39. h5 {[%emt 0:00:23]} Kf6 {[%emt 0:00:28]} 40. Bg8 {[%emt 0:00:03]} Bxa4 {[%emt 0:00:36]} 41. h6 {[%emt 0:00:02]} Bc2 {[%emt 0:00:21]} 42. h7 {[%emt 0:00:11]} Kg7 {[%emt 0:00:02]} 43. Bxe6 {[%emt 0:00:05]} Bxh7 {[%emt 0:00:11]} 44. Bc8 {[%emt 0:00:06]} b6 {[%emt 0:00:02]} 45. Kd2 {[%emt 0:00:03]} Kf6 {[%emt 0:00:03]} 46. Kc3 {[%emt 0:00:02]} Bg8 {[%emt 0:00:03]} 47. Bd7 {[%emt 0:00:08]} Ke7 {[%emt 0:00:04]} 48. Ba4 {[%emt 0:00:04]} Kd6 {[%emt 0:00:03]} 49. Be8 {[%emt 0:00:02]} Kc7 {[%emt 0:00:10]} 50. Ba4 {[%emt 0:00:05]} Kd6 {[%emt 0:00:04]} 51. Be8 {[%emt 0:00:05]} Bd5 {[%emt 0:00:03]} 52. Bb5 {[%emt 0:00:09]} Bc6 {[%emt 0:00:04]} 53. Be2 {[%emt 0:00:02]} b5 {[%emt 0:00:04]} 54. Kb3 {[%emt 0:00:08]} a4+ {[%emt 0:00:15]} 55. Ka3 {[%emt 0:00:06]} b4+ {[%emt 0:00:03]} 56. Ka2 {[%emt 0:00:01]} Bd5+ {[%emt 0:00:04]} 57. Kb1 {[%emt 0:00:08]} Bb3 {[%emt 0:00:02]} 58. Bb5 {[%emt 0:00:05]} Ke5 {[%emt 0:00:04]} 59. Kc1 {[%emt 0:00:06]} Kd4 {[%emt 0:00:04]} 60. Kb1 {[%emt 0:00:03]} Ke3 {[%emt 0:00:14]} 61. Kc1 {[%emt 0:00:03]} Ke4 {[%emt 0:00:24]} 62. Be8 {[%emt 0:00:05]} Ke5 {[%emt 0:00:19]} 63. Kb1 {[%emt 0:00:07]} Kd6 {[%emt 0:00:03]} 64. Kc1 {[%emt 0:00:04]} Kc7 {[%emt 0:00:03]} 65. Kb1 {[%emt 0:00:02]} Kb6 {[%emt 0:00:01]} 66. Kc1 {[%emt 0:00:03]} Ka5 {[%emt 0:00:02]} 67. Kb1 {[%emt 0:00:02]} Bc4 {[%emt 0:00:03]} 68. Bd7 {[%emt 0:00:05]} Bb5 {[%emt 0:00:02]} 69. Be6 {[%emt 0:00:02]} b3 {[%emt 0:00:07]} 70. Ka1 {[%emt 0:00:06]} Kb4 {[%emt 0:00:02]} 71. Bg8 {[%emt 0:00:17]} a3 {[%emt 0:00:04]} 72. Bf7 {[%emt 0:00:06]} axb2+ {[%emt 0:00:03]} 73. Kxb2 {[%emt 0:00:02]} c4 {[%emt 0:00:02]} 74. Bg6 {[%emt 0:00:08]} c3+ {[%emt 0:00:03]} 75. Kb1 {[%emt 0:00:04]} Ka3 {[%emt 0:00:02]} 76. Ka1 {[%emt 0:00:06]} Bc4 {[%emt 0:00:04]} 77. Kb1 {[%emt 0:00:04]} c2+ {[%emt 0:00:38]} 78. Bxc2 {[%emt 0:00:02]} b2 {[%emt 0:00:01]} 79. Bb3 {[%emt 0:00:08]} Bd3+ {[%emt 0:00:02]} 80. Bc2 {[%emt 0:00:03]} Bxc2+ {[%emt 0:00:01]} 81. Kxc2 {[%emt 0:00:01]} Ka2 {[%emt 0:00:02]} 0-1

[Event "FRA-ch Universities 2019"]
[Site "Paris"]
[Date "2019.02.02"]
[Round "6"]
[White "Dumas, Charles"]
[Black "Grezels, Florian"]
[Result "1/2-1/2"]
[WhiteElo "2218"]
[BlackElo "2194"]
[Annotator "TA"]
[PlyCount "87"]
[EventDate "2019.02.01"]
[EventType "swiss"]
[EventCountry "FRA"]
[SourceTitle "playchess.com"]
[Source "ChessBase"]
[SourceQuality "1"]

{[%evp 20,87,55,62,86,77,90,100,79,0,-8,-8,-20,-24,-31,-16,-19,-31,-26,-30,-38,-54,-56,-307,-84,-84,-81,-73,-80,-100,-90,-86,-75,-99,-75,-75,-81,-70,-69,-73,-75,-97,-77,-74,-24,-46,-24,-71,-18,-27,0,0,0,0,0,0,0,0,0,0,0,0,0,0,0,0,0,0,52,55]} 1. e4 c5 2. c3 d5 3. exd5 Qxd5 4. d4 e6 $146 (4... Nf6 5. Nf3 {½-½ (67) Pap,M (2478)-Erdogdu,M (2463) Novi Sad 2009}) ({Predecessor:} 4... Nc6 5. Be3 cxd4 6. cxd4 e6 7. Nf3 Nf6 8. Bd3 Bb4+ 9. Nc3 {0-1 (35) Sultan,A-Toh,J Singapore 1979}) 5. Nf3 Nf6 6. Be3 cxd4 7. cxd4 Bb4+ (7... Nc6 8. Nc3 Bb4 9. Bd3 {½-½ (67) Pap,M (2478)-Erdogdu,M (2463) Novi Sad 2009}) 8. Nc3 O-O 9. Bd3 Nc6 10. O-O Bxc3 11. bxc3 Na5 {B22: Sicilian: 2 c3} (11... b6 12. Qc2 Bb7 13. Bg5 Rac8 14. Bxf6 gxf6 15. Bxh7+ Kh8 16. Be4 Qh5 17. Qd2 f5 18. Bxc6 Bxc6 19. Ne5 Bxg2 20. Kxg2 {½-½ (67) Pap,M (2478)-Erdogdu,M (2463) Novi Sad 2009}) 12. Qe2 b6 13. Bg5 ({Predecessor:} 13. c4 Qh5 14. Ne5 Qxe2 15. Bxe2 Ba6 16. Bd2 Nb7 17. Nc6 Nd8 18. Nb4 Bb7 19. c5 {0-1 (35) Sultan,A-Toh,J Singapore 1979}) 13... Bb7 {White is better.} 14. Bxf6 ({White should try} 14. c4 $16 Qd8 15. Ne5) 14... gxf6 $11 15. Rab1 {Hoping for Rb5.} Qh5 16. Be4 Bxe4 17. Qxe4 Rac8 18. Rbc1 Nc4 19. Qf4 Qg6 20. Rfe1 Rfd8 21. Nd2 $2 {[%mdl 8192]} ({White should play} 21. g3 $15) 21... Qg5 $2 (21... e5 $1 $19 {[%cal Re5f4] and Black stays clearly on top.} 22. dxe5 Rxd2 23. exf6 h6) 22. Qxg5+ $17 fxg5 23. Ne4 h6 24. g4 Kg7 25. Kg2 Nd6 26. Kf3 Rc4 27. Nxd6 Rxd6 {[%mdl 4096] Endgame KRR-KRR} 28. Ke3 b5 29. Kd3 a6 30. a3 Ra4 31. Ra1 f6 32. Kc2 Rc6 33. Kb3 {[#]} Rac4 (33... e5 $1 $17 {[%mdl 512]} 34. Rad1 (34. dxe5 fxe5) 34... Rac4) 34. Re3 $1 $11 Kf7 35. a4 {[#]} b4 $1 {[%mdl 512]} 36. cxb4 Rxd4 37. Rc3 $1 {[%cal Rc3c6]} Rb6 38. Rc4 Rd3+ 39. Rc3 Rd4 40. Rc4 Rd3+ $1 41. Rc3 Rd4 42. Rc4 Rd3+ $1 43. Rc3 Rd2 (43... Rd4 $11 44. Rc4) 44. a5 {Accuracy: White = 63%, Black = 59%.} 1/2-1/2